Intergenerational transmission of psychopathy and mediation via psychosocial risk factors
| Authors: | ; ; |
|---|---|
| Format: | Electronic Article |
| Language: | English |
| Published: |
2015
|
| In: |
The British journal of psychiatry
Year: 2015, Volume: 206, Issue: 1, Pages: 26-31 |
| Online Access: |
Volltext (kostenfrei) Volltext (lizenzpflichtig) |
| Check availability: | HBZ Gateway |
MARC
| LEADER | 00000caa a22000002c 4500 | ||
|---|---|---|---|
| 001 | 1912594927 | ||
| 003 | DE-627 | ||
| 005 | 20250115055007.0 | ||
| 007 | cr uuu---uuuuu | ||
| 008 | 241217s2015 xx |||||o 00| ||eng c | ||
| 024 | 7 | |a 10.1192/bjp.bp.114.151050 |2 doi | |
| 035 | |a (DE-627)1912594927 | ||
| 035 | |a (DE-599)KXP1912594927 | ||
| 040 | |a DE-627 |b ger |c DE-627 |e rda | ||
| 041 | |a eng | ||
| 084 | |a 2,1 |2 ssgn | ||
| 100 | 1 | |a Auty, Katherine M. |e VerfasserIn |4 aut | |
| 245 | 1 | 0 | |a Intergenerational transmission of psychopathy and mediation via psychosocial risk factors |
| 264 | 1 | |c 2015 | |
| 336 | |a Text |b txt |2 rdacontent | ||
| 337 | |a Computermedien |b c |2 rdamedia | ||
| 338 | |a Online-Ressource |b cr |2 rdacarrier | ||
| 700 | 1 | |a Coid, Jeremy |e VerfasserIn |0 (DE-588)1218046546 |0 (DE-627)1733507450 |4 aut | |
| 700 | 1 | |a Farrington, David |d 1944-2024 |e VerfasserIn |0 (DE-588)1033146951 |0 (DE-627)740055585 |0 (DE-576)160911001 |4 aut | |
| 773 | 0 | 8 | |i Enthalten in |t The British journal of psychiatry |d Cambridge : Cambridge University Press, 1963 |g 206(2015), 1, Seite 26-31 |h Online-Ressource |w (DE-627)320240754 |w (DE-600)2021500-9 |w (DE-576)09388849X |x 1472-1465 |7 nnas |
| 773 | 1 | 8 | |g volume:206 |g year:2015 |g number:1 |g pages:26-31 |
| 787 | 0 | 8 | |i Forschungsdaten |a Farrington, David, 1944 - 2024 |t Cambridge Study in Delinquent Development (Great Britain), 1961-1981 |d [Erscheinungsort nicht ermittelbar] : [Verlag nicht ermittelbar], 1986 |w (DE-627)1840065613 |
| 856 | |u https://www.cambridge.org/core/services/aop-cambridge-core/content/view/ADDE36B55FA04909A57FCD9EB6BE2024/S0007125000237343a.pdf/div-class-title-intergenerational-transmission-of-psychopathy-and-mediation-via-psychosocial-risk-factors-div.pdf |x unpaywall |z Vermutlich kostenfreier Zugang |h publisher [deprecated] | ||
| 856 | 4 | 0 | |u https://doi.org/10.1192/bjp.bp.114.151050 |x Resolving-System |z kostenfrei |3 Volltext |7 0 |
| 856 | 4 | 0 | |u https://www.ncbi.nlm.nih.gov/pubmed/25395688 |x Verlag |z lizenzpflichtig |3 Volltext |7 1 |
| 935 | |a mkri | ||
| 951 | |a AR | ||
| ELC | |a 1 | ||
| LOK | |0 000 xxxxxcx a22 zn 4500 | ||
| LOK | |0 001 4637560446 | ||
| LOK | |0 003 DE-627 | ||
| LOK | |0 004 1912594927 | ||
| LOK | |0 005 20241217044618 | ||
| LOK | |0 008 241217||||||||||||||||ger||||||| | ||
| LOK | |0 035 |a (DE-2619)ICPSR144008 | ||
| LOK | |0 040 |a DE-2619 |c DE-627 |d DE-2619 | ||
| LOK | |0 092 |o n | ||
| LOK | |0 852 |a DE-2619 | ||
| LOK | |0 852 1 |9 00 | ||
| LOK | |0 935 |a nacp | ||
| LOK | |0 939 |a 17-12-24 |b l01 | ||
| OAS | |a 1 | ||
| ORI | |a SA-MARC-krimdoka001.raw | ||
